000 00377nam a2200157Ia 4500
008 240729s9999 xx 000 0 und d
022 _a2192-8614
245 0 _aNanophotonics
260 _aGermany
260 _bDe Gruyter
650 _a Physics
650 _aScience
856 _uhttps://doaj.org/toc/38b8425b6bdd4d7e9184af9759b9aa4e
942 _2ddc
942 _cDOAJEJ
999 _c73754
_d73754
945 _a1
_bMadushi Gamage
_c1
_dMadushi Gamage